000 00675nam a2200229 a 4500
001 BRCA_2659
005 20190320203918.0
008 011208s1957----nyua---###---#000-0#eng-u
050 4 _aNK4085
_b.B46 1957
100 1 _aBemrose, Geoffrey
_97550
245 1 0 _aNineteenth Century English pottery and porcelain
_cGeoffrey Bemrose.
260 _aNew York
_bPitman
_c1957
300 _a57 p.
_bil., 96 láminas
_c26 cm.
500 _aIncluye índice de láminas.
500 _aA106
650 1 4 _aPorcelana inglesa
_97224
650 1 4 _aCerámica inglesa
_97229
650 1 4 _aCerámica
_xHistoria
_91463
650 1 4 _aPorcelana
_xHistoria
_91464
902 _aGFM
942 _2lcc
_cB
999 _c2399
_d2399